[Event "RA Autumn op"]
[Site "Ottawa CAN"]
[Date "2012.09.15"]
[Round "2"]
[White "Hambleton, Aman"]
[Black "Sun, Mike"]
[Result "1-0"]
[WhiteElo "2134"]
[BlackElo "1917"]
[PlyCount "59"]
[GameId "2160767909445161"]
[EventDate "2012.09.14"]
[EventType "swiss"]
[EventRounds "5"]
[EventCountry "CAN"]
[SourceTitle "EXT 2022"]
[Source "ChessBase"]
[SourceDate "2021.10.06"]
[SourceVersion "1"]
[SourceVersionDate "2021.10.06"]
[SourceQuality "1"]

1. d4 g6 2. c4 Bg7 3. e4 c5 4. d5 d6 5. h3 Nf6 6. Nc3 O-O 7. Nf3 e6 8. Bd3 exd5 9. cxd5 b5 10. Bxb5 Nxe4 11. Nxe4 Qa5+ 12. Nfd2 Qxb5 13. Nxd6 Qd7 14. N2c4 Ba6 15. O-O Rd8 16. Re1 Bd4 17. Qf3 Bxc4 18. Nxc4 Na6 19. Bg5 Re8 20. Bf6 Nb4 21. Bxd4 cxd4 22. d6 Nc6 23. Rad1 Rac8 24. b3 a5 25. Nb6 Qxd6 26. Nxc8 Rxc8 27. Rc1 d3 28. Red1 d2 29. Rc2 Re8 30. Rcxd2 1-0

[Event "RA Autumn op"]
[Site "Ottawa CAN"]
[Date "2012.09.15"]
[Round "2"]
[White "Hamilton, Robert"]
[Black "Pacey, Kevin"]
[Result "1-0"]
[WhiteElo "2285"]
[BlackElo "2201"]
[PlyCount "87"]
[GameId "2160767909445162"]
[EventDate "2012.09.14"]
[EventType "swiss"]
[EventRounds "5"]
[EventCountry "CAN"]
[SourceTitle "EXT 2022"]
[Source "ChessBase"]
[SourceDate "2021.10.06"]
[SourceVersion "1"]
[SourceVersionDate "2021.10.06"]
[SourceQuality "1"]

1. d4 e6 2. c4 Nf6 3. Nc3 Bb4 4. Qc2 Nc6 5. Nf3 O-O 6. e3 d5 7. a3 Be7 8. b4 a6 9. Bb2 Re8 10. Be2 Bf8 11. O-O Ne7 12. Rfd1 c6 13. e4 Ng6 14. g3 Nxe4 15. Nxe4 dxe4 16. Qxe4 a5 17. Bc3 axb4 18. axb4 Bd7 19. h4 Qc7 20. Ne5 f5 21. Qe3 Nxe5 22. dxe5 Red8 23. c5 Be8 24. Bc4 Bf7 25. Rd6 Rxa1+ 26. Bxa1 Re8 27. Qd3 Bxd6 28. exd6 Qd7 29. Be5 f4 30. gxf4 Kh8 31. Qg3 Bg6 32. Qg5 Qf7 33. h5 Bxh5 34. d7 Qxd7 35. Qxh5 Rd8 36. Qh3 Qf7 37. Bd3 Qg8 38. Be4 Ra8 39. b5 Ra4 40. bxc6 bxc6 41. Qd3 Qe8 42. Bxh7 Qh5 43. Bg6 Qg4+ 44. Qg3 1-0

[Event "RA Autumn op"]
[Site "Ottawa CAN"]
[Date "2012.09.15"]
[Round "2"]
[White "Kraiouchkine, Nikita"]
[Black "Qin, Zi Yi (Joey)"]
[Result "0-1"]
[WhiteElo "2124"]
[BlackElo "2145"]
[PlyCount "46"]
[GameId "2160767909445163"]
[EventDate "2012.09.14"]
[EventType "swiss"]
[EventRounds "5"]
[EventCountry "CAN"]

1. e4 c5 2. Nc3 d6 3. Nge2 Nf6 4. d4 cxd4 5. Nxd4 a6 6. Bc4 e6 7. O-O b5 8. Bb3 Be7 9. f4 O-O 10. e5 dxe5 11. fxe5 Nfd7 12. Be3 Nxe5 13. Qh5 Nbc6 14. Rad1 Qc7 15. Ne4 Bb7 16. Rxf7 Nxf7 17. Nxe6 Qe5 18. Qg4 Bc8 19. Rf1 Bxe6 20. Bxe6 Nd4 21. Bxf7+ Rxf7 22. Rxf7 Kxf7 23. c3 Qf5 0-1

[Event "RA Autumn op"]
[Site "Ottawa CAN"]
[Date "2012.09.15"]
[Round "3"]
[White "Qin, Zi Yi (Joey)"]
[Black "Hamilton, Robert"]
[Result "1/2-1/2"]
[WhiteElo "2145"]
[BlackElo "2285"]
[PlyCount "65"]
[GameId "2160767909445166"]
[EventDate "2012.09.14"]
[EventType "swiss"]
[EventRounds "5"]
[EventCountry "CAN"]

1. e4 c5 2. Nf3 e6 3. d4 cxd4 4. Nxd4 a6 5. Nc3 d6 6. Bc4 Nf6 7. O-O b5 8. Bb3 b4 9. Na4 Bd7 10. Re1 Nc6 11. c3 Rb8 12. f3 Be7 13. Be3 O-O 14. Nxc6 Bxc6 15. Rc1 d5 16. e5 Nd7 17. cxb4 Bxa4 18. Bxa4 Rxb4 19. Bd4 Bg5 20. a3 Rc4 21. Rxc4 dxc4 22. Bf2 Nb6 23. Qxd8 Bxd8 24. Bc6 Bc7 25. Rd1 Rb8 26. Kf1 f6 27. exf6 gxf6 28. Bd4 Kf7 29. Bxb6 Bxb6 30. Rd7+ Kg6 31. Rb7 Rxb7 32. Bxb7 a5 33. Ba6 1/2-1/2

[Event "RA Autumn op"]
[Site "Ottawa CAN"]
[Date "2012.09.15"]
[Round "3"]
[White "Upper, John"]
[Black "Hambleton, Aman"]
[Result "0-1"]
[WhiteElo "1984"]
[BlackElo "2134"]
[PlyCount "50"]
[GameId "2160767909445167"]
[EventDate "2012.09.14"]
[EventType "swiss"]
[EventRounds "5"]
[EventCountry "CAN"]
[SourceTitle "EXT 2022"]
[Source "ChessBase"]
[SourceDate "2021.10.06"]
[SourceVersion "1"]
[SourceVersionDate "2021.10.06"]
[SourceQuality "1"]

1. e4 e6 2. d4 d5 3. e5 c5 4. c3 Nc6 5. Nf3 Nh6 6. Bd3 f6 7. O-O Nf7 8. exf6 Qxf6 9. Be3 cxd4 10. cxd4 Bd6 11. Nc3 O-O 12. Rc1 Bd7 13. a3 Rac8 14. b4 Ne7 15. Ne2 Nf5 16. Rxc8 Rxc8 17. Bd2 g5 18. Bc3 g4 19. Nd2 Qh6 20. g3 Ne3 21. Bxh7+ Kxh7 22. fxe3 Qxe3+ 23. Kg2 Ng5 24. Rf2 Bb5 25. Ba1 Nh3 0-1

[Event "RA Autumn op"]
[Site "Ottawa CAN"]
[Date "2012.09.16"]
[Round "4"]
[White "Hambleton, Aman"]
[Black "Qin, Zi Yi (Joey)"]
[Result "1-0"]
[WhiteElo "2134"]
[BlackElo "2145"]
[PlyCount "57"]
[GameId "2160767909445169"]
[EventDate "2012.09.14"]
[EventType "swiss"]
[EventRounds "5"]
[EventCountry "CAN"]

1. d4 Nf6 2. c4 g6 3. f3 Bg7 4. e4 d6 5. Be3 O-O 6. Nc3 b6 7. Bd3 c5 8. e5 Ne8 9. Be4 cxd4 10. Qxd4 Bxe5 11. Qd2 Nc7 12. Bxa8 Nxa8 13. Bd4 Nc6 14. Bxe5 Nxe5 15. b3 Bf5 16. Nge2 Nd3+ 17. Kf1 Ne5 18. Nd4 Bd7 19. Kf2 Nc7 20. Rad1 Ne6 21. Rhe1 Nc5 22. Kg1 Re8 23. Qe3 Kg7 24. h3 Kg8 25. Nd5 e6 26. Nc3 a6 27. Nc2 Nb7 28. Ne4 Qe7 29. Qxb6 1-0

[Event "RA Autumn op"]
[Site "Ottawa CAN"]
[Date "2012.09.16"]
[Round "4"]
[White "Hamilton, Robert"]
[Black "Kraiouchkine, Nikita"]
[Result "1-0"]
[WhiteElo "2285"]
[BlackElo "2124"]
[PlyCount "67"]
[GameId "2160767909445170"]
[EventDate "2012.09.14"]
[EventType "swiss"]
[EventRounds "5"]
[EventCountry "CAN"]
[SourceTitle "EXT 2022"]
[Source "ChessBase"]
[SourceDate "2021.10.06"]
[SourceVersion "1"]
[SourceVersionDate "2021.10.06"]
[SourceQuality "1"]

1. c4 c6 2. Nf3 Nf6 3. e3 d5 4. Nc3 e6 5. d4 Nbd7 6. Bd3 dxc4 7. Bxc4 b5 8. Bd3 Bb7 9. O-O Be7 10. b3 O-O 11. Bb2 a6 12. Qe2 Rc8 13. Rfd1 Qb6 14. a4 Nd5 15. Nxd5 exd5 16. Bf5 Rcd8 17. Bxd7 Rxd7 18. Rdc1 bxa4 19. bxa4 a5 20. Ne5 Rc7 21. Ba3 Bxa3 22. Rxa3 f6 23. Nd3 Ba6 24. Qc2 Bxd3 25. Rxd3 Rb8 26. Rc3 Qb2 27. Qf5 Kf7 28. g3 Rb4 29. Kg2 Rxa4 30. Rxc6 Rxc6 31. Rxc6 Qb8 32. Qd7+ Kg6 33. Rc7 Qb1 34. Qxg7+ 1-0

[Event "RA Autumn op"]
[Site "Ottawa CAN"]
[Date "2012.09.16"]
[Round "5"]
[White "Hamilton, Robert"]
[Black "Hambleton, Aman"]
[Result "0-1"]
[WhiteElo "2285"]
[BlackElo "2134"]
[PlyCount "62"]
[GameId "2160767909445171"]
[EventDate "2012.09.14"]
[EventType "swiss"]
[EventRounds "5"]
[EventCountry "CAN"]
[SourceTitle "EXT 2022"]
[Source "ChessBase"]
[SourceDate "2021.10.06"]
[SourceVersion "1"]
[SourceVersionDate "2021.10.06"]
[SourceQuality "1"]

1. c4 c5 2. Nc3 b6 3. Nf3 Bb7 4. d4 cxd4 5. Nxd4 d6 6. e4 e6 7. Be3 Nf6 8. f3 a6 9. a4 Be7 10. a5 bxa5 11. Qa4+ Nbd7 12. Qxa5 Qb8 13. Be2 O-O 14. O-O Bd8 15. Qa3 Bc7 16. g3 d5 17. exd5 Bd6 18. Qb3 exd5 19. Nf5 Bc5 20. Nxd5 Bxd5 21. Qxb8 Rfxb8 22. cxd5 Rxb2 23. Bxa6 g6 24. Bd3 Rxa1 25. Rxa1 gxf5 26. Bxc5 Nxc5 27. Bxf5 Rd2 28. g4 Nxd5 29. Ra8+ Kg7 30. Rd8 Ne6 31. Rd6 Ng5 0-1

[Event "RA Autumn op"]
[Site "Ottawa CAN"]
[Date "2012.09.16"]
[Round "5"]
[White "Kraiouchkine, Nikita"]
[Black "Upper, John"]
[Result "1-0"]
[WhiteElo "2124"]
[BlackElo "1984"]
[PlyCount "73"]
[GameId "2160767909445172"]
[EventDate "2012.09.14"]
[EventType "swiss"]
[EventRounds "5"]
[EventCountry "CAN"]
[SourceTitle "EXT 2022"]
[Source "ChessBase"]
[SourceDate "2021.10.06"]
[SourceVersion "1"]
[SourceVersionDate "2021.10.06"]
[SourceQuality "1"]

1. e4 e6 2. d4 d5 3. Nc3 Nf6 4. e5 Nfd7 5. f4 c5 6. Nf3 Nc6 7. Be3 cxd4 8. Nxd4 Bc5 9. Qd2 Bxd4 10. Bxd4 Nxd4 11. Qxd4 Qb6 12. Nb5 Qxd4 13. Nxd4 Nb8 14. Nb5 Na6 15. c4 dxc4 16. Rc1 O-O 17. Nd6 Nb8 18. Bxc4 Nc6 19. O-O Rb8 20. Rfd1 Bd7 21. Be2 f6 22. Ne4 Rbd8 23. exf6 gxf6 24. Nc5 Bc8 25. Bc4 Nd4 26. f5 Kf7 27. Re1 Nxf5 28. Nxe6 Bxe6 29. Bxe6+ Kg6 30. Rc7 Nd6 31. Bb3 Rc8 32. Rce7 Rc6 33. Bd5 Rb6 34. b3 Rc8 35. Rd7 Rc5 36. Rd1 h6 37. Rxd6 1-0

[Event "RA Autumn op"]
[Site "Ottawa CAN"]
[Date "2012.09.16"]
[Round "5"]
[White "Pacey, Kevin"]
[Black "Doubleday, William"]
[Result "1-0"]
[WhiteElo "2245"]
[BlackElo "2080"]
[PlyCount "115"]
[GameId "2160767909445173"]
[EventDate "2012.09.14"]
[EventType "swiss"]
[EventRounds "5"]
[EventCountry "CAN"]
[SourceTitle "EXT 2022"]
[Source "ChessBase"]
[SourceDate "2021.10.06"]
[SourceVersion "1"]
[SourceVersionDate "2021.10.06"]
[SourceQuality "1"]

1. d4 d5 2. Nf3 Nf6 3. c4 c6 4. Nc3 e6 5. Bg5 Nbd7 6. e3 Be7 7. Qc2 O-O 8. Rd1 Re8 9. a3 b6 10. Bd3 h6 11. Bh4 Bb7 12. O-O a6 13. Bxf6 Bxf6 14. e4 dxe4 15. Bxe4 Qc7 16. Rfe1 Rad8 17. b4 c5 18. Bxb7 Qxb7 19. Ne4 Be7 20. bxc5 bxc5 21. d5 Bf8 22. Nc3 exd5 23. Nxd5 Qc6 24. h3 Rxe1+ 25. Rxe1 Nf6 26. Ne5 Qd6 27. Qf5 Nxd5 28. Qxf7+ Kh7 29. Qf5+ Kg8 30. Rd1 Qc7 31. Qe6+ Kh7 32. Rxd5 Rxd5 33. Qxd5 Qa5 34. Qd3+ Kg8 35. Qd5+ Kh7 36. Qd3+ Kg8 37. f4 Qe1+ 38. Kh2 Qc1 39. Qd5+ Kh7 40. Qd3+ Kg8 41. Qd5+ Kh7 42. Qe4+ Kg8 43. a4 Qd2 44. Qd5+ Qxd5 45. cxd5 Bd6 46. Kg1 c4 47. Nxc4 Bxf4 48. Kf2 Kf7 49. Kf3 Bb8 50. Ke4 Bh2 51. Ne5+ Ke7 52. Nc6+ Kf6 53. Nb4 a5 54. Nc6 Bc7 55. Nd4 g6 56. Nb5 Bb8 57. Kd4 Ke7 58. Kc5 1-0

[Event "RA Autumn op"]
[Site "Ottawa CAN"]
[Date "2012.09.16"]
[Round "5"]
[White "Wan, Kevin"]
[Black "Zhou, Qiyu"]
[Result "1/2-1/2"]
[WhiteElo "1933"]
[BlackElo "1848"]
[PlyCount "105"]
[GameId "2160767909445175"]
[EventDate "2012.09.14"]
[EventType "swiss"]
[EventRounds "5"]
[EventCountry "CAN"]
[SourceTitle "EXT 2022"]
[Source "ChessBase"]
[SourceDate "2021.10.06"]
[SourceVersion "1"]
[SourceVersionDate "2021.10.06"]
[SourceQuality "1"]

1. e4 e5 2. Nf3 Nc6 3. Bb5 a6 4. Bxc6 dxc6 5. O-O Bg4 6. h3 h5 7. d3 Qf6 8. Nbd2 Ne7 9. Re1 Ng6 10. d4 Bd6 11. c3 O-O-O 12. Qc2 Bxf3 13. Nxf3 Nf4 14. Bxf4 Qxf4 15. dxe5 Bxe5 16. Nxe5 Qxe5 17. Rad1 g5 18. Rxd8+ Rxd8 19. Qe2 Qf4 20. Rd1 g4 21. Rxd8+ Kxd8 22. hxg4 hxg4 23. g3 Qg5 24. Kg2 Ke7 25. Qd3 Qb5 26. Qxb5 cxb5 27. f3 gxf3+ 28. Kxf3 Ke6 29. Kf4 f6 30. a3 c5 31. b4 b6 32. Kf3 Ke5 33. Ke3 a5 34. Kd3 Ke6 35. Ke2 Kd6 36. Kf3 Ke6 37. Ke3 Kd6 38. Kf4 Ke6 39. g4 a4 40. Kf3 Kd6 41. Kf4 Ke6 42. e5 fxe5+ 43. Ke4 Kf6 44. Kd5 c4 45. Ke4 Kg5 46. Kxe5 Kxg4 47. Kd5 Kf3 48. Kc6 Ke3 49. Kxb6 Kd3 50. Kxb5 Kxc3 51. Kxa4 Kd4 52. b5 Kc5 53. b6 1/2-1/2

[Event "RA Autumn op U1900"]
[Site "Ottawa CAN"]
[Date "2012.09.15"]
[Round "2"]
[White "Laurin, Marcel"]
[Black "Laszlo, Robert"]
[Result "1-0"]
[WhiteElo "1727"]
[BlackElo "1826"]
[PlyCount "61"]
[GameId "2160767909445176"]
[EventDate "2012.09.14"]
[EventType "swiss"]
[EventRounds "5"]
[EventCountry "CAN"]

1. d4 c6 2. c4 b5 3. cxb5 cxb5 4. e4 Bb7 5. Bd3 Nf6 6. f3 a6 7. Ne2 Nc6 8. Be3 Nb4 9. Kf2 Nxd3+ 10. Qxd3 Rc8 11. Nd2 g6 12. Rac1 Bg7 13. Rxc8 Bxc8 14. b4 O-O 15. Nb3 d6 16. Rc1 Nd7 17. Na5 Nb6 18. d5 Bd7 19. Nd4 Bxd4 20. Qxd4 Na8 21. Bh6 f6 22. Bxf8 Kxf8 23. Qa7 Qb6+ 24. Qxb6 Nxb6 25. Rc7 Be8 26. Ra7 Nc4 27. Nxc4 bxc4 28. Rxa6 c3 29. Ra3 Bb5 30. Ra8+ Kf7 31. Rc8 1-0

[Event "RA CC-ch"]
[Site "Ottawa CAN"]
[Date "2012.01.12"]
[Round "1"]
[White "Yang, Ryan2"]
[Black "Pacey, Kevin"]
[Result "0-1"]
[WhiteElo "1866"]
[BlackElo "2272"]
[PlyCount "86"]
[GameId "2160767909572792"]
[EventDate "2012.01.12"]
[EventType "swiss"]
[EventRounds "7"]
[EventCountry "CAN"]

1. e4 e6 2. d4 d5 3. Nc3 Bb4 4. Nge2 Nf6 5. a3 Be7 6. f3 c5 7. exd5 Nxd5 8. Nxd5 Qxd5 9. dxc5 Qxd1+ 10. Kxd1 Bxc5 11. b4 Bb6 12. Bb2 O-O 13. Ng3 Nc6 14. c4 Bd4 15. Kc2 e5 16. Bd3 Be6 17. c5 Rfd8 18. Rad1 b6 19. Be4 Rac8 20. Bxc6 Rxc6 21. Bxd4 exd4 22. Ne4 f5 23. Nf2 bxc5 24. Kd2 c4 25. Rhe1 Kf7 26. Re5 Kf6 27. Ra5 Rd7 28. Kc2 g5 29. Kd2 c3+ 30. Kc2 Bc4 31. Rc5 Rxc5 32. bxc5 Ke5 33. Nd3+ Bxd3+ 34. Kxd3 Kd5 35. Re1 Rc7 36. Re8 Rxc5 37. Rd8+ Ke5 38. Re8+ Kf6 39. Kxd4 c2 40. Kxc5 c1=Q+ 41. Kb4 Qd2+ 42. Kc5 Qa5+ 43. Kd6 Qxa3+ 0-1

[Event "RA CC-ch"]
[Site "Ottawa CAN"]
[Date "2012.01.19"]
[Round "2"]
[White "Pacey, Kevin"]
[Black "Marghetis, Aris"]
[Result "1-0"]
[WhiteElo "2272"]
[BlackElo "1993"]
[PlyCount "137"]
[GameId "2160767909572793"]
[EventDate "2012.01.12"]
[EventType "swiss"]
[EventRounds "7"]
[EventCountry "CAN"]

1. e4 Nf6 2. e5 Nd5 3. Nc3 Nxc3 4. dxc3 d6 5. Bc4 e6 6. Nf3 Nd7 7. Bf4 dxe5 8. Nxe5 Qf6 9. Qd4 Bd6 10. Nxd7 Qxd4 11. cxd4 Bxf4 12. Nc5 O-O 13. Nd3 Bd6 14. O-O-O b6 15. f4 Bb7 16. Rhg1 Rad8 17. g3 a6 18. Rge1 b5 19. Bb3 Rfe8 20. c3 Be7 21. Kc2 Bf3 22. Rd2 a5 23. a4 b4 24. Ne5 bxc3 25. bxc3 Bb7 26. f5 c5 27. fxe6 f6 28. Nf7 Rc8 29. d5 c4 30. Ba2 Ba3 31. d6 Bc6 32. d7 Bxa4+ 33. Kb1 Bxd7 34. Bxc4 Bxe6 35. Rxe6 Kxf7 36. Rd7+ Kg6 37. Rxe8 Rxc4 38. Ka2 Bc1 39. Kb3 Rc5 40. Ra8 Rh5 41. h4 Be3 42. Rg8 Bh6 43. c4 Re5 44. Ka4 Re4 45. Kb5 a4 46. c5 Re3 47. g4 a3 48. Ra7 Re4 49. h5+ Kg5 50. Rgxg7+ Bxg7 51. Rxg7+ Kh6 52. Ra7 Rxg4 53. c6 Rg1 54. Rxa3 Rc1 55. Kb6 Kxh5 56. Ra5+ Kg4 57. Rc5 Rb1+ 58. Rb5 Rc1 59. c7 Rxc7 60. Kxc7 f5 61. Kd6 h5 62. Ke5 h4 63. Rb4+ Kg3 64. Kxf5 h3 65. Rb3+ Kg2 66. Kg4 h2 67. Rb2+ Kg1 68. Kg3 h1=N+ 69. Kf3 1-0

[Event "RA CC-ch"]
[Site "Ottawa CAN"]
[Date "2012.01.26"]
[Round "3"]
[White "Marinkovic, Mate"]
[Black "Pacey, Kevin"]
[Result "0-1"]
[WhiteElo "2158"]
[BlackElo "2272"]
[PlyCount "72"]
[GameId "2160767909572794"]
[EventDate "2012.01.12"]
[EventType "swiss"]
[EventRounds "7"]
[EventCountry "CAN"]

1. c4 f5 2. g3 Nf6 3. Bg2 g6 4. Nc3 Bg7 5. d3 O-O 6. e4 e5 7. Nge2 d6 8. O-O c6 9. h3 Be6 10. exf5 gxf5 11. f4 Nbd7 12. Be3 a5 13. Qd2 Qe8 14. Rae1 Qg6 15. c5 dxc5 16. fxe5 Nh5 17. Nf4 Nxf4 18. gxf4 b5 19. a3 a4 20. Kh2 Rac8 21. Rg1 Qf7 22. d4 cxd4 23. Bxd4 Rfd8 24. Qf2 Qe7 25. Be3 Kh8 26. Ne2 c5 27. Nc3 b4 28. axb4 cxb4 29. Nxa4 Bb3 30. Nb6 Rc2 31. Re2 Rxe2 32. Qxe2 Nxe5 33. Qf2 Nd3 34. Qg3 Nxb2 35. Bf1 Rg8 36. Bd2 Bd4 0-1

[Event "RA CC-ch"]
[Site "Ottawa CAN"]
[Date "2012.02.02"]
[Round "4"]
[White "Qin, Zi Yi (Joey)"]
[Black "Pacey, Kevin"]
[Result "1-0"]
[WhiteElo "2339"]
[BlackElo "2272"]
[PlyCount "75"]
[GameId "2160767909572795"]
[EventDate "2012.01.12"]
[EventType "swiss"]
[EventRounds "7"]
[EventCountry "CAN"]

1. e4 g6 2. d4 Bg7 3. Nc3 d6 4. Be3 c6 5. Qd2 Nd7 6. h4 h5 7. Nh3 b5 8. Ng5 Nb6 9. b3 Nf6 10. f3 a5 11. a4 b4 12. Ne2 Qc7 13. Nf4 O-O 14. Qf2 Rb8 15. Rd1 c5 16. dxc5 dxc5 17. Bb5 c4 18. O-O c3 19. Rfe1 e5 20. Nd5 Nfxd5 21. exd5 Rd8 22. Bxb6 Qxb6 23. Bc4 Bf5 24. d6 Qxf2+ 25. Kxf2 Rb7 26. Re2 Rbd7 27. Rd5 Rxd6 28. Nxf7 Kxf7 29. Rxd6+ Ke7 30. Rxd8 Kxd8 31. Bd5 Bf6 32. g3 Kc7 33. Be4 Kd6 34. Re1 Bxe4 35. fxe4 g5 36. Rd1+ Ke6 37. hxg5 Bxg5 38. Rh1 1-0

[Event "RA CC-ch"]
[Site "Ottawa CAN"]
[Date "2012.02.09"]
[Round "5"]
[White "Pacey, Kevin"]
[Black "De Kerpel, Stijn"]
[Result "1/2-1/2"]
[WhiteElo "2272"]
[BlackElo "2180"]
[PlyCount "135"]
[GameId "2160767909572796"]
[EventDate "2012.01.12"]
[EventType "swiss"]
[EventRounds "7"]
[EventCountry "CAN"]

1. c4 e6 2. d4 d5 3. Nf3 c6 4. Nbd2 Nf6 5. g3 Nbd7 6. Bg2 Be7 7. O-O O-O 8. Qc2 b6 9. e4 Bb7 10. e5 Ne8 11. Re1 Rc8 12. cxd5 cxd5 13. Qa4 a6 14. Bf1 Nc7 15. Bd3 Qe8 16. Qd1 h6 17. Nf1 Bb4 18. Bd2 Bxd2 19. N3xd2 a5 20. Rc1 Qe7 21. a3 Na6 22. Qe2 Nab8 23. f4 Rxc1 24. Rxc1 Rc8 25. Rd1 Nf8 26. Nf3 Nc6 27. Ne3 f6 28. exf6 gxf6 29. Ng4 Qg7 30. Nf2 f5 31. Bb5 Na7 32. Ne5 Nc6 33. Bxc6 Bxc6 34. Rc1 Bb5 35. Qd2 Rxc1+ 36. Qxc1 Nd7 37. Qc8+ Kh7 38. Nfd3 Qf8 39. Qc7 Qb8 40. Qxb8 Nxb8 41. Ne1 Kg7 42. Kf2 Kf6 43. h3 Nc6 44. N1f3 Ne7 45. g4 fxg4 46. hxg4 Be8 47. Nh4 Nc8 48. g5+ hxg5 49. Ng4+ Kg7 50. fxg5 Nd6 51. Nf6 Bf7 52. Kf3 Nc4 53. Nd7 b5 54. b3 Nxa3 55. Kf4 Nc2 56. Nc5 Nxd4 57. Ke5 Nxb3 58. Nxb3 a4 59. Nc5 a3 60. Nf3 a2 61. Nb3 Kg6 62. Kf4 Be8 63. Ne5+ Kg7 64. Nd3 Bf7 65. Ndc1 Kg6 66. Nxa2 e5+ 67. Kxe5 d4 68. Nxd4 1/2-1/2

[Event "RA CC-ch"]
[Site "Ottawa CAN"]
[Date "2012.02.16"]
[Round "6"]
[White "Pacey, Kevin"]
[Black "Sadeghi, Saeid"]
[Result "1-0"]
[WhiteElo "2272"]
[BlackElo "2064"]
[PlyCount "115"]
[GameId "2160767909572797"]
[EventDate "2012.01.12"]
[EventType "swiss"]
[EventRounds "7"]
[EventCountry "CAN"]

1. c4 c5 2. Nf3 Nc6 3. d4 cxd4 4. Nxd4 Qb6 5. Nc2 e6 6. Nc3 Nf6 7. Bf4 Bc5 8. e3 O-O 9. Be2 Nb4 10. O-O Nxc2 11. Qxc2 Bd6 12. Na4 Qc7 13. Bxd6 Qxd6 14. Rfd1 Qc7 15. c5 d5 16. b4 a6 17. Nb6 Rb8 18. Rac1 Nd7 19. Nxc8 Rbxc8 20. e4 dxe4 21. Qxe4 Nf6 22. Qh4 Rfd8 23. Bf3 Nd5 24. Bxd5 Rxd5 25. Rxd5 exd5 26. Qd4 Qc6 27. Rd1 Rd8 28. Qh4 f6 29. Qg4 Qd7 30. Qxd7 Rxd7 31. Rd4 Kf7 32. f4 Ke6 33. Kf2 b6 34. cxb6 Rb7 35. Ke3 Rxb6 36. a4 Rc6 37. b5 axb5 38. axb5 Rc2 39. Rb4 Kd7 40. b6 Kc8 41. g3 Rxh2 42. Rb5 Rg2 43. Rc5+ Kb8 44. Kf3 Rb2 45. Rxd5 Rxb6 46. Rd8+ Ka7 47. Rh8 h6 48. Kg4 f5+ 49. Kxf5 Rf6+ 50. Kg4 Rg6+ 51. Kh4 Kb7 52. g4 Kc6 53. Kh5 Rf6 54. f5 Kd6 55. Rh7 Ke5 56. Rxg7 Kf4 57. Rg6 Rf8 58. Kxh6 1-0

[Event "RA CC-ch"]
[Site "Ottawa CAN"]
[Date "2012.03.01"]
[Round "7"]
[White "Gordon, David"]
[Black "Pacey, Kevin"]
[Result "1/2-1/2"]
[WhiteElo "2329"]
[BlackElo "2261"]
[PlyCount "114"]
[GameId "2160767909572798"]
[EventDate "2012.01.12"]
[EventType "swiss"]
[EventRounds "7"]
[EventCountry "CAN"]

1. d4 c6 2. Nf3 Nf6 3. g3 d5 4. Bg2 Bf5 5. O-O e6 6. Nbd2 h6 7. c4 Nbd7 8. a3 Bd6 9. b4 a6 10. Bb2 Ne4 11. cxd5 cxd5 12. Nh4 Nxd2 13. Nxf5 Nc4 14. Nxd6+ Nxd6 15. f3 Nf6 16. Qd3 O-O 17. e4 Nc4 18. Bc3 b5 19. a4 bxa4 20. Rxa4 Qb6 21. Rfa1 Rfc8 22. Kh1 dxe4 23. fxe4 Ng4 24. R1a2 Qb5 25. Be1 Nd6 26. Qf3 Rc1 27. Ra1 Rxe1+ 28. Rxe1 Qxa4 29. Qxg4 Qxb4 30. Qe2 Rc8 31. e5 Nf5 32. d5 Nd4 33. Qf1 exd5 34. Bxd5 Ne6 35. Rc1 Rxc1 36. Qxc1 Qc5 37. Qd2 Qd4 38. Qxd4 Nxd4 39. Kg2 Kf8 40. Kf2 Ke7 41. Ke3 Nb5 42. Bb7 a5 43. Bc6 Na7 44. Bd5 f6 45. exf6+ gxf6 46. Kf4 a4 47. Kf5 a3 48. Kg6 Nb5 49. Kxh6 Nc3 50. Bb3 a2 51. Bxa2 Nxa2 52. Kg7 Nc3 53. h4 Ne4 54. g4 Nf2 55. g5 f5 56. h5 Ne4 57. Kg6 Nxg5 1/2-1/2

[Event "RA Raletich mem."]
[Site "Ottawa CAN"]
[Date "2012.11.08"]
[Round "1"]
[White "Pacey, Kevin"]
[Black "Best, Garland"]
[Result "1-0"]
[WhiteElo "2296"]
[BlackElo "1695"]
[PlyCount "56"]
[GameId "2160767909411511"]
[EventDate "2012.11.08"]
[EventType "swiss (rapid)"]
[EventRounds "3"]
[EventCountry "CAN"]

1. e4 e6 2. c4 g6 3. d4 Bg7 4. Nc3 Nc6 5. Nf3 d6 6. Be2 e5 7. Be3 Nf6 8. d5 Ne7 9. Nd2 O-O 10. O-O Kh8 11. c5 Neg8 12. Rc1 Nh6 13. cxd6 cxd6 14. Nb5 b6 15. f3 Ne8 16. a4 f5 17. Nc4 f4 18. Bf2 Rf7 19. a5 bxa5 20. Qa4 Bf8 21. Nxa5 Qg5 22. Kh1 a6 23. Na7 Nc7 24. Nxc8 Rxc8 25. Bxa6 Rb8 26. Bb7 Qe7 27. b4 g5 28. h3 g4 1-0

[Event "RA Raletich mem."]
[Site "Ottawa CAN"]
[Date "2012.11.08"]
[Round "2"]
[White "Kuttner, Simon"]
[Black "Pacey, Kevin"]
[Result "0-1"]
[WhiteElo "1815"]
[BlackElo "2296"]
[PlyCount "53"]
[GameId "2160767909411512"]
[EventDate "2012.11.08"]
[EventType "swiss (rapid)"]
[EventRounds "3"]
[EventCountry "CAN"]

1. e4 c5 2. Nc3 e6 3. g3 d5 4. exd5 exd5 5. Bg2 d4 6. Nce2 Nc6 7. d3 g6 8. Nf3 Bg7 9. O-O Nge7 10. Re1 O-O 11. Bf4 h6 12. h3 Nd5 13. Bd2 Be6 14. Nf4 Nxf4 15. Bxf4 Nb4 16. a3 Nd5 17. Bd2 Re8 18. Qc1 Kh7 19. Kh2 Rc8 20. Re2 c4 21. dxc4 Rxc4 22. Ne1 Qc8 23. Qd1 Rd8 24. Bc1 Rd7 25. Qd2 b6 26. Qd3 Rdc7 27. Qd1 0-1

[Event "RA Raletich mem."]
[Site "Ottawa CAN"]
[Date "2012.11.08"]
[Round "3"]
[White "Pacey, Kevin"]
[Black "Kalra, Agastya"]
[Result "0-1"]
[WhiteElo "2296"]
[BlackElo "1931"]
[PlyCount "32"]
[GameId "2160767909411513"]
[EventDate "2012.11.08"]
[EventType "swiss (rapid)"]
[EventRounds "3"]
[EventCountry "CAN"]

1. e4 e5 2. Nf3 Nc6 3. Bc4 Nf6 4. d4 exd4 5. Ng5 Ne5 6. Bb3 h6 7. f4 hxg5 8. fxe5 Nxe4 9. Bd5 Bb4+ 10. Ke2 f5 11. Bxe4 fxe4 12. Qxd4 Qe7 13. Rf1 d5 14. Qxd5 Bg4+ 15. Ke3 Bc5+ 16. Kxe4 Rd8 0-1

[Event "RA Rodgers mem."]
[Site "Ottawa CAN"]
[Date "2012.09.20"]
[Round "2"]
[White "Marghetis, Aris"]
[Black "Pacey, Kevin"]
[Result "0-1"]
[WhiteElo "1863"]
[BlackElo "2245"]
[PlyCount "50"]
[GameId "2160767909445112"]
[EventDate "2012.09.20"]
[EventType "swiss"]
[EventRounds "7"]
[EventCountry "CAN"]

1. e4 d5 2. d3 dxe4 3. dxe4 Qxd1+ 4. Kxd1 e5 5. Be3 Be6 6. c3 Nd7 7. Nd2 Bc5 8. Bxc5 Nxc5 9. f3 O-O-O 10. Kc2 f5 11. b4 Na4 12. Bd3 Ne7 13. Ne2 fxe4 14. Bxe4 Nf5 15. Bxf5 Bxf5+ 16. Ne4 Bxe4+ 17. fxe4 Nb6 18. Rae1 Nc4 19. Nc1 Rd2+ 20. Kb3 b5 21. Re2 Rxe2 22. Nxe2 Nd2+ 23. Kc2 Nxe4 24. Nc1 Rd8 25. Nd3 Rxd3 0-1